Bilecik Bilecik Bilecik Bilecik Bilecik

İslam iktisat düşüncesinin olgunlaşması (17. yüzyıl)/ (Record no. 65288)

MARC details
000 -BAŞLIK
Sabit Uzunluktaki Kontrol Alanı 01336nam a22003977a 4500
001 - KONTROL NUMARASI
Control Dosyası 0065037
003 - KONTROL NUMARASI KİMLİĞİ
Kontrol Alanı KOHA_MİRAKIL
005 - EN SON İŞLEM TARİHİ ve ZAMANI
Kontrol Alanı 20260207004539.0
007 - FİZİKSEL TANIM SABİT ALAN - GENEL BİLGİ
Sabit uzunluklu kontrol alanı ta
008 - SABİT UZUNLUKTAKİ VERİ ÖGELERİ - GENEL BİLGİ
Sabit Alan 191220b2019 tu |||gr||||#0|||0|tur |
020 ## - ISBN - ULUSLARARASI STANDART KİTAP NUMARASI
Isbn 9786056907227
040 ## - KATALOGLAMA KAYNAĞI
Özgün Kataloglama Kurumu TR-BiSEU
Kataloglama Dili tur
Çeviri Kurumu TR-BiSEU
Açıklama Kuralları rda
041 0# - DİL KODU
Metin ya da ses kaydının dil kodu tur
044 ## - YAYINLAYAN/ÜRETEN KURULUŞUN ÜLKE KODU
ISO country code tu
050 ## - SINIFLAMA ve YER NUMARASI
Sınıflama Numarası BP173.75
Yer Numarası .I85 2019
100 1# - KİŞİ ADI
Yazar Adı (Kişi adı) Islahi, Abdul Azim.
245 1# - ESER ADI BİLDİRİMİ
Başlık İslam iktisat düşüncesinin olgunlaşması (17. yüzyıl)/
Sorumluluk Bildirimi Abdul Azim Islahi ; Abdul Azim Islahi; editör Kadir Yıldırım; çeviren Hümeyra Doruk Keskin.
264 #1 - ÜRERİM, YAYIN, DAĞITIM ve TELİF BİLDİRİMİ
Yayın yeri Ankara :
Yayınlayan nobel
Yayın tarihi 2019
300 ## - FİZİKSEL TANIMLAMA
Sayfa, Cilt vb. 123 sayfa ;
Boyutları 20 cm.
336 ## - İÇERİK TÜRÜ
Content type term metin
Content type code txt
Source rdacontent
337 ## - MEDYA TÜRÜ
Media type term aracısız
Media type code n
Source rdamedia
338 ## - TAŞIYICI TÜRÜ
Carrier type term cilt
Carrier type code nc
Source rdacarrier
490 1# - DİZİ BİLDİRİMİ
Dizi Bildirimi İktisat Yayınları ;
Cilt Numarası 33.
490 1# - DİZİ BİLDİRİMİ
Dizi Bildirimi İktisat Tarihi Dizisi ;5
500 ## - GENEL NOT
Genel Not Kaynakça ve dizin var.
650 #0 - KONU BAŞLIĞI EK GİRİŞ - KONU TERİMİ
Konusal terim veya coğrafi ad Para (İslam hukuku).
9 (RLIN) 121380
650 #0 - KONU BAŞLIĞI EK GİRİŞ - KONU TERİMİ
Konusal terim veya coğrafi ad Ekonomi--Dini açıdan İslam.
9 (RLIN) 121379
650 #0 - KONU BAŞLIĞI EK GİRİŞ - KONU TERİMİ
Konusal terim veya coğrafi ad İslam--Ekonomik yönleri.
9 (RLIN) 78255
650 #0 - KONU BAŞLIĞI EK GİRİŞ - KONU TERİMİ
Konusal terim veya coğrafi ad Money (Islamic law).
9 (RLIN) 121381
650 #0 - KONU BAŞLIĞI EK GİRİŞ - KONU TERİMİ
Konusal terim veya coğrafi ad Economics--Religious aspects--Islam.
9 (RLIN) 8928
650 #0 - KONU BAŞLIĞI EK GİRİŞ - KONU TERİMİ
Konusal terim veya coğrafi ad Islam--Economic aspects.
9 (RLIN) 8929
830 1# - SERİ EK GİRİŞİ - TEKBİÇİM ESER ADI
Tekbiçim Başlık İktisat Yayınları ;
Volume number/sequential designation 33.
9 (RLIN) 121382
830 1# - SERİ EK GİRİŞİ - TEKBİÇİM ESER ADI
Tekbiçim Başlık İktisat Tarihi Dizisi ;5
9 (RLIN) 121439
907 ## - LOCAL DATA ELEMENT G, LDG (RLIN)
a Din
942 ## - EK GİRİŞ ÖGELERİ (KOHA)
Source of classification or shelving scheme Library of Congress Classification
Koha item type Book
Holdings
Materyal Türü Kalıcı Konum Mevcut Konum Raf Yeri Sınıflandırma Kaynağı Edinim Bilgisi Ana Konular Alt Konular Yer Numarası Demirbaş Numarası Fatura Tarihi Geri Çekilme Durumu Kayıp Durumu Hasarlı Durumu Kredi için değil Kayıt Tarih Toplam Ödünçverme Son Görülme Tarihi Son Kontrol Tarihi
Book Prof. Dr. Azmi Özcan Kütüphanesi Prof. Dr. Azmi Özcan Kütüphanesi Uluğbey Salonu Library of Congress Classification Satın FELSEFE, PSİKOLOJİ, DİN İslam, Bahailik, Teozofi vb. BP173.75 .I85 2019 0065037 02/02/2026         20/11/2019   05/03/2025 05/03/2025
Book Prof. Dr. Azmi Özcan Kütüphanesi Prof. Dr. Azmi Özcan Kütüphanesi Uluğbey Salonu Library of Congress Classification Satın FELSEFE, PSİKOLOJİ, DİN İslam, Bahailik, Teozofi vb. BP173.75 .I85 2019 0065124 02/02/2026         20/12/2019   05/03/2025 05/03/2025